| 000 | 00719nam a2200205Ia 4500 | ||
|---|---|---|---|
| 003 | GCL | ||
| 008 | 140319s9999 xx 000 0 ara d | ||
| 020 | _a6147245977 | ||
| 040 |
_aGCL / _cGCL |
||
| 082 | 0 | 4 |
_aق _b745.67 _bف ا |
| 100 | 1 | _aفايزة الوكيل | |
| 245 | 1 | 0 |
_aاثاث المصحف فى مصر فى عصر المماليك : _bمدخل اثرى فنى / _cفايزة الوكيل |
| 260 |
_aالقاهرة : _bدار نهضة الشرق ، _c2005 |
||
| 300 |
_a318 ص ؛ _c28 سم |
||
| 650 | 0 | 4 | _aالمصاحف |
| 650 | 0 | 4 | _aالفن الاسلامى |
| 650 | 0 | 4 | _aالمصاحف - زخرفة |
| 650 | 0 | 4 | _aالفن الاسلامى - تاريخ - عصر المماليك |
| 942 |
_2ddc _cBK |
||
| 999 |
_c56268 _d56268 |
||